书目信息 |
| 题名: |
视觉的思想
|
|
| 作者: | 孙周兴 , 高士明 编 | |
| 分册: | ||
| 出版信息: | 杭州 中国美术学院出版社 2003 |
|
| 页数: | 300页 | |
| 开本: | 26cm | |
| 丛书名: | 断桥·艺术哲学文丛 | |
| 单 册: | ||
| 中图分类: | J0-02 | |
| 科图分类: | ||
| 主题词: | 现象学--关系--艺术--文集 , 艺术 , 现象学 | |
| 电子资源: | ||
| ISBN: | 7-81083-272-7 | |
| 000 | 01049oam2 2200289 450 | |
| 001 | 002565724 | |
| 005 | 20070804112223.23 | |
| 010 | @a7-81083-272-7@dCNY60.00 | |
| 100 | @a20040129d2003 emky0chiy0110 ea | |
| 101 | 1 | @achi@cmul |
| 102 | @aCN@b330000 | |
| 105 | @aa z 100yy | |
| 200 | 1 | @a视觉的思想@9shi jue de si xiang@e“现象学与艺术”国际学术研讨会论文集@f孙周兴,高士明编 |
| 210 | @a杭州@c中国美术学院出版社@d2003@h2006 | |
| 215 | @a300页@c图@d26cm | |
| 225 | 2 | @a断桥·艺术哲学文丛 |
| 330 | @a本论文集分为“现象学艺术哲学”、“现象学与当代艺术”、“具象表现绘画”及“传统与现代”四个专题,共收录论文26篇。 | |
| 461 | 0 | @12001 @a断桥·艺术哲学文丛 |
| 517 | 1 | @a“现象学与艺术”国际学术研讨会论文集@9“ xian xiang xue yu yi shu ” guo ji xue shu yan tao hui lun wen ji |
| 606 | 0 | @a现象学@x关系@x艺术@j文集 |
| 606 | 0 | @a艺术 |
| 606 | 0 | @a现象学 |
| 690 | @aJ0-02@v4 | |
| 701 | 0 | @a孙周兴@9sun zhou xing@f(1963~)@4编 |
| 701 | 0 | @a高士明@9gao shi ming@c(美术)@4编 |
| 801 | 0 | @aCN@bNLC@c20070804 |
| 905 | @a10447@dJ0-02@e216 | |
| 视觉的思想:“现象学与艺术”国际学术研讨会论文集/孙周兴,高士明编.-杭州:中国美术学院出版社,2003(2006) |
| 300页:图;26cm.-(断桥·艺术哲学文丛) |
| ISBN 7-81083-272-7:CNY60.00 |
| 本论文集分为“现象学艺术哲学”、“现象学与当代艺术”、“具象表现绘画”及“传统与现代”四个专题,共收录论文26篇。 |
| ● |
| 相关链接 |
|
|
|
|
正题名:视觉的思想
索取号:J0-02/216
 
预约/预借
| 序号 | 登录号 | 条形码 | 馆藏地/架位号 | 状态 | 备注 |
| 1 | 0804153 | 208041536 | 第一样本阅览室/ [索取号:J0-02/216] | 在馆 | |
| 2 | 0804154 | 208041545 | 第一借阅区/ [索取号:J0-02/216] | 在馆 | |
| 3 | 0804155 | 208041554 | 第一借阅区/ [索取号:J0-02/216] | 在馆 | |
| 4 | 0804156 | 208041563 | 第一借阅区/ [索取号:J0-02/216] | 在馆 | |
| 5 | 0804157 | 208041572 | 密集书库-美术系/ [索取号:J0-02/216] | 在馆 | |
| 6 | 0804158 | 208041581 | 密集书库-美术系/ [索取号:J0-02/216] | 在馆 | |
| 7 | 0804159 | 208041590 | 美术系资料室/ [索取号:J0-02/216] | 在馆 |